000
00314nam a2200133Ia 4500
008
230312s9999||||xx |||||||||||||| ||und||
020
_a
978-0500238578
082
_a
749.09411
_b
COT-S
100
_a
Cotton;Ber
245
0
_a
Scottish Vernacular Furniture
260
_c
2008
650
_a
Architecture
942
_c
BK
999
_c
14609
_d
14609